Západná Európa čoskoro v počte imigrantov dosiahne úroveň Severnej Ameriky

Vzájomné zamestnávanie občanov SR a ČR v r. 1993-1995. Zahraniční zamestnanci v SR. Migračný vývoj v západnej Európe prináša ilegálne prisťahovalectvo.

Na minha lista:
Detalhes bibliográficos
Autor principal: Rievajová, Eva
Formato: Capítulo de Livro
Idioma:eslovaco
Assuntos:
Tags: Adicionar Tag
Sem tags, seja o primeiro a adicionar uma tag!

MARC

LEADER 00000naa a2200000 4500
001 r022347
005 20230921075414.7
041 0 |a slo 
044 |a SK 
245 1 0 |a Západná Európa čoskoro v počte imigrantov dosiahne úroveň Severnej Ameriky  |c Eva Rievajová 
520 |a Vzájomné zamestnávanie občanov SR a ČR v r. 1993-1995. Zahraniční zamestnanci v SR. Migračný vývoj v západnej Európe prináša ilegálne prisťahovalectvo. 
610 2 0 |a Slovensko 
610 2 0 |a Česko 
610 2 0 |a západná Európa 
610 2 0 |a migrácia 
610 2 0 |a imigrácia 
610 2 0 |a sily pracovné 
610 2 0 |a 1990-1995 
610 2 0 |a údaje štatistické 
100 1 |a Rievajová, Eva